| 000 | 00617nam a2200181Ia 4500 | ||
|---|---|---|---|
| 003 | GCL | ||
| 008 | 140319s9999 xx 000 0 ara d | ||
| 040 |
_aGCL / _cGCL |
||
| 082 | 0 | 4 |
_a301.31 _bم م |
| 100 | 1 | _aانور عبدالواحد | |
| 245 | 1 | 0 |
_aحماية الحياة على الارض : خطوات لانقاذ طبقة الاوزون / _cانور عبدالواحد |
| 700 | 1 | _aبولوك شى، سينثيا | |
| 300 | _a69 ص | ||
| 490 |
_aمعهد مراقبة البيئة العالمية ورلد واتش _v0 |
||
| 650 | 0 | 4 | _aالاوزون |
| 650 | 0 | 4 | _aالبيئة - علم |
| 942 |
_2ddc _cBK |
||
| 999 |
_c45460 _d45460 |
||